000 00589cam a2200217 4500
008 090401t1996 xxu||||| |||| 00| 0 eng d
020 _a1860811000
035 _a(Sirsi) u61770
041 _aeng
050 _a690
110 _aBuilding Research Establishment
245 _aSpecifying structural timber.
260 _aGarston, Watford
_bBuilding Research Establishment
_c1996
300 _a8p. : ill. ; 30cm.
350 _a0
490 _aBRE Digest
_v416
650 _aSTRUCTURAL TIMBER
690 _aBUILT ENVIRONMENT-BUILDING MATERIALS
942 _n0
948 _c04/03/1997
999 _c94349
_d94349